000 00297nam a2200121Ia 4500
005 20251222155135.0
008 251222s9999||||xx |||||||||||||| ||spa||
082 _aSIC. 01.10
100 _aC.Proyección Cristia
245 0 _aMaestros y Padres 10
264 _bProyección cristiana
942 _cLIB
999 _c38959
_d38959